Biblické písně, op. 99 Mně zdálo se, žes umřela ; Když mne stará matka /

Hlavní autor: Dvořák, Antonín, 1841-1904
Další autoři: Soukupová, Věra, 1932-, Moravec, Ivan, 1930-2015
Jazyk: Čeština
Vydáno: Praha : Supraphon, p1967
Edice: Gramofonový klub
Témata:
Fyzický popis: 1 LP deska : 33 ot/min., stereo ; 30 cm
Zvukové nahrávky
Uloženo v:
LEADER 01231njm a2200325 a 4500
001 000447447
003 CZ BrMZK
005 20141210081651.0
008 990305s1967 xr f cze d
028 0 3 |a 1 12 0217  |b Supraphon 
040 |a BOA001  |b cze 
080 |a 784.087.612.6(086.7)  |2 MRF 
100 1 |a Dvořák, Antonín,  |d 1841-1904  |7 jn19981000826  |4 cmp 
245 1 0 |a Biblické písně, op. 99  |h [zvukový záznam] ;  |b Mně zdálo se, žes umřela ; Když mne stará matka /  |c Antonín Dvořák. 
260 |a Praha :  |b Supraphon,  |c p1967 
300 |a 1 LP deska :  |b 33 ot/min., stereo ;  |c 30 cm 
490 1 |a Gramofonový klub 
500 |a Durata neuv 
500 |a Nahr. 1967 
511 0 |a Věra Soukupová, zpěv; Ivan Moravec, klavír. 
653 0 |a alt  |a duchovní písně  |a koncertní písně 
700 1 |a Soukupová, Věra,  |d 1932-  |7 jn20000710570  |4 prf 
700 1 |a Moravec, Ivan,  |d 1930-2015  |7 jn19990009937  |4 prf 
740 0 2 |a Mně zdálo se, žes umřela 
740 0 2 |a Když mne stará matka 
830 0 |a Gramofonový klub 
910 |a BOA001  |b LP-0007.799 
964 |a Zpěv(alt) a klavír  |x LP 
990 |a AV 
996 6 |b 261H008364  |c LP-0007.799  |l MZK  |r Sklad / do 24 hodin  |n 0  |p kup  |w 000447447  |u 000010  |a 1  |e BOA001  |j MZK50  |s P